Estrés, trauma y desastres (Registro nro. 273713)

Detalles MARC
000 -ENCABEZADO
Número de control [NR] 00992 a2200253 4500
005 - FECHA Y HORA DE LA ÚLTIMA TRANSACCIÓN
control field 20190322082021.0
008 - DE LONGITUD FIJA DE DATOS DE ELEMENTOS - INFORMACIÓN GENERAL
Elementos de longitud fija [NR] 140728s2011 ag ||||fr|||| 00| 0 spa d
020 ## - NUMERO INTERNACIONAL NORMALIZADO PARA LIBROS [R]
Número Internacional Normalizado del libro [NR] 9789875700574
040 ## - FUENTE DE CATALOGACION [NR]
Agencia de catalogación original [NR] CO-BoUCM
Idioma de catalogación [NR] spa
Quien Cataloga Jose A. Gerena (modificó)
Quien Clasifica Jose A. Gerena
041 0# - CODIGO DE IDIOMA [R]
Código de idioma para texto/pista de sonido o título separado [R] Español
245 00 - MENCION DE TITULO [NR]
Título [NR] Estrés, trauma y desastres
Parte restante del título [NR] herramientas teórico-clínicas
Mención de responsabilidad, etc. [NR] compilado por Roberto Sivak, Jorge Libman
260 ## - PUBLICACION, DISTRIBUCION, ETC. (PIE DE IMPRENTA) [R]
Fecha de publicación, distribución, etc. [R] 2007
Nombre del editor, distribuidor, etc. [R] Akadia
Lugar de publicación, distribución, etc. [R] Buenos Aires (Argentina)
300 ## - DESCRIPCION FISICA [R]
Extensión [R] xvi, 180 páginas
504 ## - NOTA DE BIBLIOGRAFIA, ETC. [R]
Nota de bibliografía, etc. [NR] Incluye referencias bibliográficas
650 #7 - ASIENTO SECUNDARIO DE MATERIA - TERMINO TEMATICO [R]
9 (RLIN) 12998
Término temático o nombre geográfico como elemento de entrada [NR] Desastres naturales
Subdivisión general [R] Aspectos psicológicos
650 #7 - ASIENTO SECUNDARIO DE MATERIA - TERMINO TEMATICO [R]
9 (RLIN) 25832
Término temático o nombre geográfico como elemento de entrada [NR] Trauma
Subdivisión general [R] Aspectos psicológicos
650 #7 - ASIENTO SECUNDARIO DE MATERIA - TERMINO TEMATICO [R]
Término temático o nombre geográfico como elemento de entrada [NR] Psicología
9 (RLIN) 26549
690 ## - ASUNTO AGREGADO LOCAL DE ENTRADA - TÉRMINO TEMÁTICO (OCLC, RLIN)
9 (RLIN) 42902
Acceso temático local Psicología
650 #7 - ASIENTO SECUNDARIO DE MATERIA - TERMINO TEMATICO [R]
9 (RLIN) 15135
Término temático o nombre geográfico como elemento de entrada [NR] Estrés postraumático
Subdivisión general [R] Aspectos psicológicos
700 1# - ASIENTO SECUNDARIO - NOMBRE PERSONAL [R]
Nombre personal [NR] Sivak, Roberto
Término de relación [R] compilador
9 (RLIN) 63344
700 1# - ASIENTO SECUNDARIO - NOMBRE PERSONAL [R]
Nombre personal [NR] Libman, Jorge
Término de relación [R] compilador
9 (RLIN) 63345
942 ## - ELEMENTOS DE ENTRADA AGREGADOS (KOHA)
Sistema de clasificación DEWEY
Tema principal Psicología
Tipo de ítem principal el descrito en 300a Libro de reserva
Edición 1
Clasificación 155.935
Parte restante de la signatura top. E823
Existencias
Signatura topográfica Código de barras Última vez visto Ejemplar Costo de reposición Price effective from Tipo de ítem Perdido Sistema de clasificación Dañado No prestable Tipo de ítem específico Suprimido Ubicación habitual Ubicación actual Localización Fecha de creación Proveedor Forma de adquisición Costo Total préstamos
155.935 E823 100146033 05/12/2025 Ej.3 155404.00 24/04/2015 Libro   DEWEY     Libro   Claustro Claustro 2do piso 24/04/2015 37 Compra 155404.00  
155.935 E823 100146034 05/12/2025 Ej.4 155404.00 24/04/2015 Libro   DEWEY     Libro   Claustro Claustro 2do piso 24/04/2015 37 Compra 155404.00